Дюкянът на забравените карти (Запис номер 152005)
[ съкратено ]
| 000 -Лидер | |
|---|---|
| Лидер | 01645nam a2200385 a 4500 |
| 003 - Код на организацията, давaща контролен номер | |
| Код на организацията, даваща контролен номер | BLK |
| 005 - Дата и час на последна редакция | |
| Дата и час на последна редакция | 20250715151155.0 |
| 008 - Елементи от данни с фиксирана дължина | |
| Елементи с фиксирана дължина | 180410b bul|||||r ||||||| ||bul|| |
| 020 ## - Международен стандартен номер на книга ISBN | |
| ISBN | 978-954-27-1028-8 |
| 020 ## - Международен стандартен номер на книга ISBN | |
| ISBN | 9789542710288 |
| 040 ## - Източник на каталожния запис | |
| Код на библиотеката | BLK |
| 041 ## - Код за език | |
| Език | Български |
| Език за КДБФ | Български |
| 080 ## - УДК | |
| УДК текст | Италианска литература |
| УДК код | 821.131.1 |
| УДК – определител | -93-31 |
| УДК – код + определител | 821.131.1-93-31 |
| 084 ## - Класификационен индекс по друга класификация | |
| Авторски знак | Бак - Б 16 |
| 100 1# - Редна дума - Автор | |
| R(LIN) | 35513 |
| Автор | Бакаларио, Пиердоменико |
| 245 10 - Сведения за заглавието | |
| Заглавие | Дюкянът на забравените карти |
| Авторска отговорност | text by Pierdomenico Baccalario; Пиердоменико Бакаларио; прев. от итал. Весела Лулова Цалова; ill. by Iacopo Bruno. |
| 257 ## - Страна на издаване | |
| Страна на създаване/издаване | Италия |
| 260 ## - Област на издателските данни | |
| Място на издаване | София |
| Име на издателя | Егмонт България |
| Година на издаване | 2013 |
| Печатница | Добрич : Фолиарт |
| 300 ## - Физическа характеристика | |
| Брой страници | 248 с. |
| Илюстрации | с ил. |
| Размер | 21 см |
| 380 ## - Жанр | |
| Жанр | Детска худож. лит. |
| 490 ## - СЕРИИ (Колекции) | |
| Серия | Юлисес Мур |
| Номер в серията | Тетр. 2 |
| 500 ## - Общи забележки | |
| Обща забележка | Ориг. загл. La bottega delle mappe dimenticate / Pierdomenico Baccalario. - Авт. не е отбелязан на кор. |
| 653 ## - Ключова дума – ненормативна | |
| Ключови думи | романи |
| 653 ## - Ключова дума – ненормативна | |
| Ключови думи | литература за деца |
| 653 ## - Ключова дума – ненормативна | |
| Ключови думи | детска литература |
| 700 1# - Други автори (авторска отговорност) | |
| Друг автор | Baccalario, Pierdomenico |
| Авт. отговорност на др. автор | text by |
| 9 (RLIN) | 4196 |
| 700 1# - Други автори (авторска отговорност) | |
| Друг автор | Цалова, Весела Лулова |
| Авт. отговорност на др. автор | прев. от итал. |
| 9 (RLIN) | 367540 |
| 700 1# - Други автори (авторска отговорност) | |
| Друг автор | Bruno, Iacopo |
| Авт. отговорност на др. автор | ill. by |
| 9 (RLIN) | 330900 |
| 852 ## - Местоположение | |
| Сигнатура (форматна) | Цб 268087 |
| Отдел | Хранилище |
| 852 ## - Местоположение | |
| Отдел | Детски отдел |
| Систематично-азбучна сигнатура | 821-93/Б 16 П |
| 942 ## - АРТИКУЛИ | |
| Вид на библиотечния документ | Книги |
| Скрит в OPAC | Не |
| Koha issues (borrowed), all copies | 10 |
| 944 ## - СЪЗДАВАНЕ И РЕДАКЦИЯ на ЗАПИСА | |
| Създаване/Редакция | Създаване |
| Дата на регистрацията/редакция | 24.03.2014 |
| Номер на служител | Русанова Ирена |
| Служител, извършил регистрацията/редакцията | 30542 |
| 999 ## - СИСТЕМНИ КОНТРОЛНИ НОМЕРА | |
| Koha biblionumber | 152005 |
| Koha biblioitemnumber | 152005 |
| 999 ## - СИСТЕМНИ КОНТРОЛНИ НОМЕРА | |
| Koha biblioitemnumber | 152005 |
| Код за отписване | Код за изгубен артикул | Код за повреда | Коз за рестрикции | Код за отдаване | Артикулен № | Име на библиотеката - собственик | Име на библиотеката, в която се намира в момента | Статус (Текущо местоположение) | Дата на вписване в системата | Местоположение - отдел | Цена в лева | Инвентарен номер | Систематично азбучна сигнатура | Баркод | Номер на екземпляра | Цена в евро | Служебна бележка | Служебен тип на артикула | Източник на класификационната схема |
|---|---|---|---|---|---|---|---|---|---|---|---|---|---|---|---|---|---|---|---|
| Не е изгубен | Не е повреден | без рестрикции | заемане за дома | 253830 | Регионална библиотека "Любен Каравелов" Русе | Регионална библиотека "Любен Каравелов" Русе | Детски отдел | 2014-03-24 | Детски отдел | 9.90 | 120000776006 | ДХ 820/899/Б 16 | 120000776006 | 1 | 5.06 | Дост: Pk Вид: Ф N: 392 Дата: 21.03.2014 Дата инв: 18.09.2015 Бележки инв: Д2015 | Книги | ||
| Не е изгубен | Не е повреден | без рестрикции | ползва се в читалня | 253831 | Регионална библиотека "Любен Каравелов" Русе | Регионална библиотека "Любен Каравелов" Русе | Хранилище | 2015-01-23 | Хранилище | 9.90 | 120000784462 | Цб 268087 | 120000784462 | 2 | 5.06 | Дост: Dp Вид: Д N: 18 Дата: 07.04.2014 | Книги | ||
| Не е изгубен | Не е повреден | заемане за дома | 957710 | Регионална библиотека "Любен Каравелов" Русе | Регионална библиотека "Любен Каравелов" Русе | Детски отдел | 2025-01-08 | Детски отдел | 9.90 | 120000916480 | 821-93/Б 16 П | 120000916480 | 5.06 | Книги | Universal Decimal Classification |